| 000 | 00885nam a2200253 a 4500 | ||
|---|---|---|---|
| 001 | ocm45915289 | ||
| 005 | 20170608110830.0 | ||
| 008 | 1 s2000 mx gr 000 0 spa d | ||
| 020 | _a9683663192 | ||
| 020 | _a9789683663191 | ||
| 035 | _a(OCoLC)45915289 | ||
| 040 |
_aCo-BoUCM _bspa _cEdgar Pinilla _dEdgar Pinilla |
||
| 100 | 1 |
_aFregoso Iglesias, Emma Margarita _979551 |
|
| 245 | 1 | 0 |
_aEducación no formal _beducación para el cambio _cEmma Margarita Fregoso Iglesias |
| 260 |
_aCiudad de México (México) _bPraxis _c2000 |
||
| 300 | _a98 páginas | ||
| 504 | _aIncluye referencias bibliográficas | ||
| 650 | 0 | 4 |
_aInnovaciones educativas _zMéxico _979552 |
| 650 | 0 | 4 |
_aEducación no formal _zMéxico _979553 |
| 690 | 0 |
_aTeoría de la educación _925273 |
|
| 942 |
_2DEWEY _cLIBRO _a10 _e1 _h371.3078 _mF859 |
||
| 041 | _aspa | ||
| 999 |
_c304280 _d304280 |
||